000 00979cam a22002894a 4500
001 15993761
003 URS
005 20260326151012.0
008 091123s2011 maua b 001 0 eng
010 _a 2009048787
020 _a9780321666550
020 _a0321666550
040 _aDLC
_cDLC
_dURS
_beng
_erda
050 1 4 _aGV436
_b.l1198 2011
100 1 _aLacy, Alan C.
245 1 0 _aMeasurement and evaluation in physical education and exercise science/
_cAlan C. Lacy.-
250 _aSix edition-
264 1 _aBoston :
_bPearson Benjamin Cummings,
_cc2011.
300 _axvi, 448 pages:
_billustrations ;
_c24 cm
336 _atext
_btxt
_2rdacontent
337 _aunmediated
_bn
_2rdamedia
338 _avolume
_bnc
_2rdacarrier
504 _aIncludes bibliographical references and index.
650 0 _aPhysical fitness
_xTesting.
650 0 _aPhysical education and training
_xEvaluation.
942 _2lcc
_cFR
_esixth edition
_hGV436
_i.L1198 2011
999 _c99249
_d99246